LEADER 00948nam0-2200325---450- 001 990009941650403321 005 20150224134745.0 010 $a978-88-568-4580-8 035 $a000994165 035 $aFED01000994165 035 $a(Aleph)000994165FED01 035 $a000994165 100 $a20150218d2012----km-y0itay50------ba 101 0 $aita 102 $aIT 105 $ay-------001yy 200 1 $aMinori in giudizio$ela convenzione di Strasburgo$fa cura di Giulia Contri 210 $aMilano$cFrancoAngeli$d2012 215 $a200 p.$d23 cm 225 1 $aCollana dell'Associazione italiana dei magistrati per i minorenni e per la famiglia$v15 610 0 $aMinori$aDiritto 676 $a323.352$v19$zita 702 1$aContri,$bGiulia 801 0$aIT$bUNINA$gREICAT$2UNIMARC 901 $aBK 912 $a990009941650403321 952 $aIV F 6$b51097$fFSPBC 959 $aFSPBC 996 $aMinori in giudizio$9821014 997 $aUNINA LEADER 01181nam--2200385---450 001 990002008900203316 005 20201013143136.0 010 $a978-88-464-9762-8 035 $a000200890 035 $aUSA01000200890 035 $a(ALEPH)000200890USA01 035 $a000200890 100 $a20040914d2008----km-y0itay50------ba 101 0 $aita 102 $aIT 105 $ay|||||||001yy 200 1 $aDisuguaglianze di salute e immigrazione$fa cura di Mara Tognetti Bordogna 210 $aMilano$cAngeli$d2008 215 $a245 p.$d23 cm 225 2 $aPolitiche migratorie$v40 410 0$12001$aPolitiche migratorie$v40 606 0 $aImmigrati$xAssistenza sanitaria$2BNCF 676 $a362.108691 702 1$aTOGNETTI BORDOGNA,$bMara 801 0$aIT$bsalbc$gISBD 912 $a990002008900203316 951 $aII.5. 6976$b234407 L.M.$cII.5.$d00268915 951 $a362.108 DIS 1 (II.5. 6976 a)$b234408 L.M.$c362.108$d00268916 959 $aBK 969 $aUMA 969 $aSOS 979 $aACQUISTI$b10$c20040914$lUSA01$h1727 979 $aANNAMARIA$b90$c20111205$lUSA01$h1023 996 $aDisuguaglianze di salute e immigrazione$9802981 997 $aUNISA